000 00315nam a22001337a 4500
008 171004b xxu||||| |||| 00| 0 eng d
020 _a9780787955359
041 _aeng
080 _a159.9
100 _a48
101 _aPSI
245 _aHOW THE WAY WE TALK CAN CHANGE THE WAY WE WORK
_cKEGAN.R
942 _2udc
_cBK
999 _c31601
_d31601